00592nam a2200193Ii 450000100060000000300090000600800410001502000180005604000330007404100080010708200160011510000160013124501080014726400500025530000120030533600260031733700280034333800270037118740CO-ViMGA241108s9999||||xx |||||||||||||| ||und|| a9789584240828 aCO-ViMGAbspaerdacCO-ViMGA0 aspa04a152.41 R37a1 aWalter Riso10aAmar o depender? :bcómo superar el apego afectivo y hacer del amor una experiencia plena y saludable 1aBogotá, Colombia : Planeta Colombiana, 1994 avolumen atextbtxt2rdacontent aunmediatedbn2rdamedia avolumebnc2rdacarrier